000 00301nam a22001457a 4500
008 210429b ||||| |||| 00| 0 eng d
020 _a0671210866
041 _aeng
080 _a62
082 _a62
100 _a26
101 _aMEK
245 _aThe Way Things Work
_cSimon.
942 _2udc
_cBK
999 _c56968
_d56968